[Event "XXV Memorial Edoardo Crespi A"]
[Site "Milano ITA"]
[Date "2004.12.08"]
[Round "7"]
[White "Canova, Luca"]
[Black "Valdivia, Rene"]
[Result "1/2-1/2"]
[WhiteElo "2047"]
[BlackElo "2252"]
[PlyCount "63"]
[EventDate "2004.12.04"]

1. d4 Nf6 2. Nf3 c5 3. d5 d6 4. c4 b5 5. a4 bxc4 6. Nc3 Ba6 7. a5 Nbd7 8. h3 g6
9. e4 Rb8 10. Qc2 Bg7 11. Be2 O-O 12. O-O Rb4 13. Ra3 Qb8 14. Na2 Rb3 15. Bxc4
Bxc4 16. Qxc4 Rxa3 17. bxa3 Qb7 18. Bd2 Rb8 19. Bc3 Qb3 20. Nd2 Qxc4 21. Nxc4
Rb3 22. Re1 Ne8 23. Re3 Bh6 24. Re2 Nc7 25. Rb2 Rxb2 26. Bxb2 Bg7 27. Bxg7 Kxg7
28. Nc3 f5 29. f3 fxe4 30. fxe4 Kf6 31. Kf2 Ne5 32. Nb2 1/2-1/2

[Event "XXV Memorial Edoardo Crespi A"]
[Site "Milano ITA"]
[Date "2004.12.08"]
[Round "7"]
[White "Carbone, Lorenzo"]
[Black "Brigati, Alessandro"]
[Result "0-1"]
[WhiteElo "1908"]
[BlackElo "1915"]
[PlyCount "160"]
[EventDate "2004.12.04"]

1. e4 d6 2. d4 Nf6 3. Nc3 g6 4. Nf3 Bg7 5. Be2 O-O 6. O-O Bg4 7. h3 Bxf3 8.
Bxf3 Nc6 9. Be3 e5 10. d5 Ne7 11. Qd2 Ne8 12. Be2 f5 13. Bg5 f4 14. f3 Nf6 15.
Bd3 Nh5 16. Ne2 h6 17. Bh4 Kh7 18. Kh2 Bf6 19. Qe1 Nxd5 20. Bxf6 Ndxf6 21. Rg1
Rg8 22. g4 fxg3+ 23. Nxg3 Nf4 24. Bf1 Rg7 25. Rd1 Qd7 26. c4 Qc6 27. b3 a5 28.
Ne2 Nxe2 29. Bxe2 Nh5 30. Rg4 Nf4 31. Bf1 Qb6 32. h4 Qb4 33. Qf2 a4 34. Rb1 b6
35. Rb2 axb3 36. axb3 Ra3 37. Qc2 Qe1 38. Rb1 Qe3 39. Rg3 Ne6 40. Qb2 Ra8 41.
Bh3 Nd4 42. Qg2 Qf4 43. Rg1 Rf8 44. Kh1 Rf6 45. h5 g5 46. Bg4 Rf8 47. b4 Ra8
48. Qb2 Ra4 49. R3g2 Kh8 50. Qc3 c5 51. Rb1 Rga7 52. bxc5 bxc5 53. Qb2 Rb4 54.
Qc1 Qxc1+ 55. Rxc1 Kg7 56. Rgg1 Kf6 57. Ra1 Rab7 58. Ra8 Rxc4 59. Rh8 Kg7 60.
Rd8 Rc2 61. Ra1 Rcb2 62. Rxd6 Rb1+ 63. Rxb1 Rxb1+ 64. Kg2 Rb7 65. Rd5 Rc7 66.
Rxe5 c4 67. f4 gxf4 68. Rd5 c3 69. Bd1 c2 70. Bxc2 Nxc2 71. Kf3 Rf7 72. Rd6 Ne3
73. Rg6+ Kh7 74. e5 Nc4 75. e6 Ne5+ 76. Kf2 Nxg6 77. exf7 Nf8 78. Kf3 Kg7 79.
Kxf4 Kxf7 80. Kf5 Nd7 0-1

[Event "XXV Memorial Edoardo Crespi A"]
[Site "Milano ITA"]
[Date "2004.12.08"]
[Round "7"]
[White "Castellano, Fabio Marco"]
[Black "Di Lascio, Savino"]
[Result "0-1"]
[WhiteElo "1911"]
[BlackElo "2000"]
[PlyCount "86"]
[EventDate "2004.12.04"]

1. e4 c6 2. d4 d5 3. Nc3 dxe4 4. Nxe4 Nf6 5. Nxf6+ gxf6 6. c3 Bf5 7. Nf3 Nd7 8.
g3 e6 9. Bg2 Be7 10. Qe2 h5 11. Bf4 Nb6 12. O-O Nd5 13. Bd2 Bg4 14. c4 Nb4 15.
Bxb4 Bxb4 16. d5 cxd5 17. cxd5 Qxd5 18. h3 Bxf3 19. Bxf3 Qe5 20. Qxe5 fxe5 21.
Bxb7 Rb8 22. Bc6+ Ke7 23. a3 Bc5 24. b4 Bd4 25. Rab1 f5 26. Kg2 h4 27. Rb3 Kf6
28. g4 e4 29. f3 e3 30. Rd1 Bb6 31. Kf1 Ke5 32. a4 Kf4 33. Ke2 Kg3 34. a5 Bxa5
35. Rxe3 Rxb4 36. f4+ Kxf4 37. Rf1+ Kg5 38. gxf5 exf5 39. Re5 Rb2+ 40. Kd3 Rd8+
41. Kc4 Rb4+ 42. Kc5 Rf4 43. Rg1+ Kf6 0-1

[Event "XXV Memorial Edoardo Crespi A"]
[Site "Milano ITA"]
[Date "2004.12.08"]
[Round "7"]
[White "Cavatorta, Fosco"]
[Black "Di Donato, Giovanni"]
[Result "1-0"]
[WhiteElo "2031"]
[BlackElo "2142"]
[PlyCount "107"]
[EventDate "2004.12.04"]

1. Nf3 Nf6 2. g3 d5 3. Bg2 c6 4. O-O Nbd7 5. d3 e5 6. Nbd2 Bc5 7. e4 O-O 8. a3
a5 9. b3 Qb6 10. Bb2 Ng4 11. Qe2 Re8 12. h3 Ngf6 13. Rae1 Nh5 14. Nxe5 Nxg3 15.
Qf3 Nxe5 16. Qxg3 d4 17. f4 Ng6 18. Nf3 Bd6 19. e5 Bf8 20. h4 c5 21. h5 Ne7 22.
Nh4 Bf5 23. Qg5 h6 24. Qg3 c4 25. dxc4 d3+ 26. Qf2 Qc7 27. Nxf5 Nxf5 28. cxd3
Rad8 29. Rd1 Be7 30. Be4 Bh4 31. Qf3 Qb6+ 32. d4 Nxd4 33. Rxd4 Rxd4 34. Qe3
Red8 35. Bd5 R8xd5 36. cxd5 Rb4 37. Qxb6 Rxb6 38. Rf3 Rb5 39. Rd3 Rc5 40. Bc3
Bd8 41. Kg2 Kf8 42. Kf3 b5 43. b4 Rc4 44. bxa5 Ra4 45. Bb4+ Ke8 46. d6 Kd7 47.
f5 Bxa5 48. e6+ fxe6 49. fxe6+ Kd8 50. Bxa5+ Rxa5 51. Ke4 b4 52. axb4 Rxh5 53.
d7 Rh4+ 54. Ke5 1-0

[Event "XXV Memorial Edoardo Crespi A"]
[Site "Milano ITA"]
[Date "2004.12.08"]
[Round "7"]
[White "Cazzaniga, Walter"]
[Black "Bevilacqua, Maurizio"]
[Result "1/2-1/2"]
[WhiteElo "2077"]
[BlackElo "2165"]
[PlyCount "43"]
[EventDate "2004.12.04"]

1. d4 c5 2. d5 Nf6 3. c4 g6 4. Nc3 d6 5. e4 Bg7 6. Bd3 O-O 7. h3 a6 8. a4 e5 9.
Nge2 Nbd7 10. Be3 h6 11. Qd2 Kh7 12. O-O b6 13. b3 Ra7 14. g4 Ne8 15. Ng3 Qh4
16. Kg2 Qd8 17. f3 Bf6 18. h4 Be7 19. h5 Kg7 20. Rh1 Bg5 21. Bxg5 Qxg5 22. Qxg5
1/2-1/2

[Event "XXV Memorial Edoardo Crespi A"]
[Site "Milano ITA"]
[Date "2004.12.08"]
[Round "7"]
[White "Ciciotti, Augusto"]
[Black "Rezzonico, Paolo"]
[Result "1/2-1/2"]
[WhiteElo "1925"]
[BlackElo "2000"]
[PlyCount "25"]
[EventDate "2004.12.04"]

1. d4 Nf6 2. c4 g6 3. Nf3 Bg7 4. Nc3 d5 5. Qb3 dxc4 6. Qxc4 O-O 7. e4 Na6 8.
Be2 c5 9. d5 Nd7 10. O-O Nb6 11. Qb3 e6 12. Bg5 Qe8 13. d6 1/2-1/2

[Event "XXV Memorial Edoardo Crespi A"]
[Site "Milano ITA"]
[Date "2004.12.08"]
[Round "7"]
[White "Contin, Daniel"]
[Black "Martinez, Rolly"]
[Result "1/2-1/2"]
[WhiteElo "2358"]
[BlackElo "2360"]
[PlyCount "47"]
[EventDate "2004.12.04"]

1. c4 e5 2. Nc3 Nc6 3. g3 g6 4. Bg2 Bg7 5. e3 d6 6. Nge2 f5 7. d3 Nf6 8. Rb1 a5
9. a3 O-O 10. O-O Ne7 11. f4 c6 12. b4 axb4 13. axb4 Qc7 14. b5 Be6 15. h3 h6
16. Rf2 Kh7 17. Qc2 Nd7 18. Bd2 Ra3 19. fxe5 dxe5 20. e4 Nc5 21. Be3 Nd7 22. c5
Qa5 23. Rff1 Qa7 24. Kh1 1/2-1/2

[Event "XXV Memorial Edoardo Crespi A"]
[Site "Milano ITA"]
[Date "2004.12.08"]
[Round "7"]
[White "Giannetta, Paolo"]
[Black "Petrini, Roberto"]
[Result "1-0"]
[WhiteElo "2104"]
[BlackElo "2074"]
[PlyCount "77"]
[EventDate "2004.12.04"]

1. d4 Nf6 2. c4 g6 3. Nc3 Bg7 4. e4 d6 5. f4 O-O 6. Nf3 c5 7. d5 e6 8. Be2 exd5
9. cxd5 Re8 10. e5 dxe5 11. fxe5 Ng4 12. e6 fxe6 13. d6 a6 14. O-O Nc6 15. Bg5
Bf6 16. Bxf6 Nxf6 17. Qd2 b5 18. Ng5 Rf8 19. Bf3 Bd7 20. Bxc6 Bxc6 21. Nxe6 Qd7
22. Nxf8 Rxf8 23. Rae1 b4 24. Nd1 Qg4 25. Rf4 Qg5 26. h4 Qg3 27. Qf2 Qxf2+ 28.
Rxf2 Kg7 29. Re7+ Rf7 30. Rxf7+ Kxf7 31. Ne3 Ke6 32. Nc4 Ne4 33. Re2 Kd7 34.
Ne5+ Kxd6 35. Nxc6 Kxc6 36. Rxe4 Kd5 37. Rf4 c4 38. Kf2 c3 39. bxc3 1-0

[Event "XXV Memorial Edoardo Crespi A"]
[Site "Milano ITA"]
[Date "2004.12.08"]
[Round "7"]
[White "Giretti Kanev, Jasen"]
[Black "Barlocco, Carlo"]
[Result "0-1"]
[WhiteElo "2182"]
[BlackElo "2108"]
[PlyCount "82"]
[EventDate "2004.12.04"]

1. Nf3 g6 2. e4 Bg7 3. d3 e5 4. Nc3 d6 5. Bg5 f6 6. Be3 Ne7 7. d4 Nbc6 8. dxe5
Nxe5 9. Nxe5 fxe5 10. Bc4 Nc6 11. O-O Nd4 12. f4 Be6 13. Bxe6 Nxe6 14. f5 Nd4
15. fxg6 hxg6 16. Qg4 g5 17. Bxg5 Qc8 18. Qg3 Qe6 19. Rf2 Kd7 20. Raf1 Rag8 21.
Rf7+ Kc8 22. Re7 Qc4 23. Qg4+ Kb8 24. Qd7 Rd8 25. Qg4 Rdf8 26. Rxf8+ Rxf8 27.
h4 Qf1+ 28. Kh2 Bf6 29. Bxf6 Qxf6 30. Nd5 Qf2 31. Qg3 Qf1 32. Qc3 c6 33. Qa5
Nf3+ 34. gxf3 Qf2+ 35. Kh1 Qxf3+ 36. Kh2 Qf2+ 37. Kh3 Rf3+ 38. Kg4 Rg3+ 39. Kh5
Qf3+ 40. Kh6 Qf8+ 41. Kh7 Qg8+ 0-1

[Event "XXV Memorial Edoardo Crespi A"]
[Site "Milano ITA"]
[Date "2004.12.08"]
[Round "7"]
[White "Iudicello, Giovanni"]
[Black "Fezza, Davide"]
[Result "1-0"]
[WhiteElo "2133"]
[BlackElo "2083"]
[PlyCount "89"]
[EventDate "2004.12.04"]

1. Nf3 Nf6 2. g3 g6 3. Bg2 Bg7 4. d3 O-O 5. O-O d6 6. e4 c5 7. Nc3 Nc6 8. Bd2
Rb8 9. Qc1 Re8 10. Ne1 b5 11. f4 Nd4 12. Qd1 e6 13. Ne2 Ng4 14. c3 Nxe2+ 15.
Qxe2 f5 16. h3 Nf6 17. g4 Bb7 18. g5 Nd7 19. h4 Bc6 20. h5 Qb6 21. h6 Bf8 22.
Nc2 Qb7 23. Rae1 Nb6 24. b3 Rbd8 25. d4 a5 26. exf5 exf5 27. Bxc6 Qxc6 28. Qg2
Qxg2+ 29. Kxg2 Kf7 30. Kf3 b4 31. Rxe8 Rxe8 32. Re1 Rxe1 33. Bxe1 bxc3 34. Bxc3
a4 35. Ne3 Ke6 36. bxa4 Nxa4 37. d5+ Kd7 38. Bg7 Be7 39. Nxf5 Bxg5 40. fxg5 c4
41. Ne3 c3 42. Ke2 Ke7 43. Kd3 Nc5+ 44. Kd4 Kd7 45. Bf6 1-0

[Event "XXV Memorial Edoardo Crespi A"]
[Site "Milano ITA"]
[Date "2004.12.08"]
[Round "7"]
[White "Mazzini, Antonio"]
[Black "Guanciale, Orazio"]
[Result "0-1"]
[WhiteElo "2139"]
[BlackElo "2105"]
[PlyCount "54"]
[EventDate "2004.12.04"]

1. d4 f5 2. g3 Nf6 3. Bg2 g6 4. c4 Bg7 5. Nc3 O-O 6. Nf3 d6 7. O-O Qe8 8. Qc2
e5 9. Rd1 e4 10. Ne1 Nc6 11. e3 g5 12. f4 gxf4 13. gxf4 Ne7 14. d5 Ng6 15. Ne2
Nh4 16. Nd4 Kh8 17. Bd2 Qh5 18. Bh3 Ng4 19. Bxg4 Qxg4+ 20. Kh1 Bxd4 21. exd4
Rg8 22. Be3 Qh3 23. Qf2 Bd7 24. Rd2 Rg6 25. c5 Rag8 26. Rc1 Nf3 27. Nxf3 exf3
0-1

[Event "XXV Memorial Edoardo Crespi A"]
[Site "Milano ITA"]
[Date "2004.12.08"]
[Round "7"]
[White "Nannelli, Paolo"]
[Black "Damia, Angelo"]
[Result "1/2-1/2"]
[WhiteElo "2185"]
[BlackElo "2118"]
[PlyCount "25"]
[EventDate "2004.12.04"]

1. Nf3 Nf6 2. c4 g6 3. g3 Bg7 4. Bg2 O-O 5. O-O d6 6. Nc3 e5 7. d3 Nc6 8. Re1
Re8 9. Bg5 h6 10. Bxf6 Bxf6 11. Nd5 Bg7 12. Nd2 Ne7 13. Nxe7+ 1/2-1/2

[Event "XXV Memorial Edoardo Crespi A"]
[Site "Milano ITA"]
[Date "2004.12.08"]
[Round "7"]
[White "Pace, Pietro Dario"]
[Black "Nardelli, Marco"]
[Result "1/2-1/2"]
[WhiteElo "2130"]
[BlackElo "1999"]
[PlyCount "168"]
[EventDate "2004.12.04"]

1. e4 c5 2. b3 Nc6 3. Bb2 e5 4. Nc3 Nf6 5. Bc4 g6 6. d3 Bg7 7. Nge2 O-O 8. O-O
a6 9. a4 Nd4 10. Nxd4 cxd4 11. Nd5 Rb8 12. f4 Nh5 13. a5 Nxf4 14. Nxf4 exf4 15.
Rxf4 Be5 16. Rf2 d6 17. g3 h5 18. Qd2 Qe7 19. Qh6 Be6 20. Bxe6 Qxe6 21. Ra4 Bg7
22. Qd2 d5 23. Bxd4 dxe4 24. Re2 Rfe8 25. Bxg7 Kxg7 26. Raxe4 Qc6 27. Qe3 Rxe4
28. Qxe4 Qc5+ 29. d4 Qxa5 30. c4 Rd8 31. Kg2 Qb6 32. d5 Qxb3 33. Qd4+ Kg8 34.
Rb2 Qa3 35. Rxb7 Qd6 36. Qb6 Qf8 37. Qb4 Qh6 38. Qe7 Rf8 39. Qe2 h4 40. c5 h3+
41. Kf2 Qc1 42. Qe3 Qh1 43. Ke2 Qxd5 44. Rb1 Qg2+ 45. Kd3 Rd8+ 46. Kc3 Qa2 47.
Rb3 a5 48. Qg5 Qa1+ 49. Kc4 Qf1+ 50. Kc3 Rd3+ 51. Kb2 Qe2+ 52. Ka3 Rd2 53. Rc3
Ra2+ 54. Kb3 Rb2+ 55. Ka3 Ra2+ 56. Kb3 Qe6+ 57. Rc4 Re2 58. Qd8+ Kh7 59. Qh4+
Kg7 60. Qd4+ f6 61. c6 Re3+ 62. Ka4 Qe7 63. Qc5 Qe8 64. Kxa5 Re5 65. c7 Qc8 66.
Kb6 Rxc5 67. Rxc5 Kf7 68. Rc1 Qe6+ 69. Rc6 Qc8 70. Rc1 f5 71. Rd1 Qe6+ 72. Kb7
Qb3+ 73. Ka8 Qxd1 74. c8=Q Qa4+ 75. Kb7 Qe4+ 76. Ka7 Qa4+ 77. Kb6 Qb3+ 78. Ka5
Qa2+ 79. Kb4 Qb2+ 80. Ka4 Qxh2 81. Qc7+ Kf6 82. Qd8+ Kg7 83. Qe7+ Kg8 84. Qe8+
Kh7 1/2-1/2

[Event "XXV Memorial Edoardo Crespi A"]
[Site "Milano ITA"]
[Date "2004.12.08"]
[Round "7"]
[White "Podini, Francesco"]
[Black "Brunelli, Giovanni"]
[Result "1-0"]
[WhiteElo "2075"]
[BlackElo "1978"]
[PlyCount "109"]
[EventDate "2004.12.04"]

1. e4 c5 2. Nc3 Nc6 3. f4 d6 4. Nf3 e6 5. Bb5 Nge7 6. d4 cxd4 7. Nxd4 Bd7 8.
Nf3 a6 9. Be2 Qc7 10. Be3 Rd8 11. O-O Nc8 12. f5 Be7 13. fxe6 Bxe6 14. Nd5 Bxd5
15. exd5 Ne5 16. Nxe5 dxe5 17. c4 Bc5 18. Bxc5 Qxc5+ 19. Kh1 O-O 20. Qd2 f5 21.
b4 Qe7 22. c5 e4 23. d6 Qe5 24. Bc4+ Kh8 25. Qd5 Qxd5 26. Bxd5 b6 27. Be6 bxc5
28. bxc5 g6 29. Rfd1 Na7 30. Rab1 Nb5 31. Rbc1 Rf6 32. Bc4 Nxd6 33. cxd6 Rfxd6
34. Rxd6 Rxd6 35. Kg1 Kg7 36. Kf1 Kf6 37. Ke2 Ke5 38. Bg8 h6 39. Rc2 Kf4 40.
Bf7 Rf6 41. Be8 g5 42. a4 h5 43. a5 Re6 44. Bc6 Ke5 45. Bb7 Kd4 46. Rc6 Rxc6
47. Bxc6 Kc5 48. Be8 Kb4 49. Bxh5 Kxa5 50. Bg6 f4 51. Bxe4 Kb4 52. Kf3 Kc3 53.
Kg4 Kd4 54. Bc6 Ke3 55. Kxg5 1-0

[Event "XXV Memorial Edoardo Crespi A"]
[Site "Milano ITA"]
[Date "2004.12.08"]
[Round "7"]
[White "Pulvirenti, Gianni"]
[Black "Gabetto, Flaviano"]
[Result "0-1"]
[WhiteElo "1907"]
[BlackElo "2128"]
[PlyCount "175"]
[EventDate "2004.12.04"]

1. d4 e6 2. Nf3 Nf6 3. Bf4 d5 4. Nbd2 c5 5. e3 Nc6 6. c3 Bd6 7. Bxd6 Qxd6 8.
Bd3 e5 9. dxe5 Nxe5 10. Nxe5 Qxe5 11. Nf3 Qe7 12. O-O O-O 13. h3 Re8 14. Re1
Bd7 15. Qe2 Bc6 16. Rad1 Rad8 17. Bc2 Qc7 18. Bb3 b5 19. a3 a5 20. Rc1 Re7 21.
Red1 Rde8 22. Ba2 a4 23. Bb1 Ne4 24. Nd2 f5 25. Nxe4 fxe4 26. Kh1 Qe5 27. Qg4
Rf7 28. Qh4 Ref8 29. f4 Qf5 30. g4 Qe6 31. Rd2 h6 32. Qg3 Qg6 33. Kh2 Qf6 34.
Ba2 Rd7 35. Rg1 g5 36. Rf1 Qg7 37. f5 Qf6 38. Rfd1 Rfd8 39. Kg2 Kg7 40. Rh1 d4
41. cxd4 cxd4 42. Rhd1 d3 43. Rc1 Bd5 44. Bxd5 Rxd5 45. Qc7+ R8d7 46. Qc8 Qd8
47. Qc6 Qf6 48. Qc8 Qf8 49. Qc6 Qd6 50. Qxd6 R5xd6 51. Kf2 h5 52. Rc5 Rd5 53.
Rc6 R7d6 54. Rc7+ Rd7 55. Rc6 R5d6 56. Rc5 Rd5 57. Rc6 R7d6 58. Rc7+ Kf6 59.
Kg3 h4+ 60. Kf2 Rd7 61. Rc6+ R5d6 62. Rc5 Rb6 63. Ke1 b4 64. axb4 Rxb4 65. Rc6+
Kf7 66. Ra6 Rdb7 67. Kd1 R7b6 68. Ra5 Kf6 69. Kc1 Rc6+ 70. Kb1 Rbc4 71. Rd1 Rc2
72. Rxa4 d2 73. Ka2 Rb6 74. Rd4 Rbxb2+ 75. Ka3 Ke5 76. Ka4 Rc1 77. Ka3 Rxd1 78.
Kxb2 Re1 79. Kc2 Rxe3 80. Rd8 Rxh3 81. Re8+ Kf6 82. Re6+ Kf7 83. Rxe4 Rh2 84.
Kd1 Rg2 85. Rd4 h3 86. Rd7+ Kf6 87. Rh7 h2 88. Rh6+ 0-1

[Event "XXV Memorial Edoardo Crespi A"]
[Site "Milano ITA"]
[Date "2004.12.08"]
[Round "7"]
[White "Quagliarella, Sabino Remo"]
[Black "Milan, Paolo"]
[Result "1-0"]
[WhiteElo "2028"]
[BlackElo "1928"]
[PlyCount "53"]
[EventDate "2004.12.04"]

1. d4 Nf6 2. c4 e6 3. Nf3 Be7 4. Nc3 b6 5. e4 Bb7 6. Bd3 O-O 7. e5 Ne8 8. O-O
f5 9. Qe2 d6 10. d5 dxe5 11. Nxe5 Bd6 12. Re1 exd5 13. Nxd5 c6 14. Nf4 Nd7 15.
Ne6 Qe7 16. Nxd7 Qxd7 17. Nxf8 Kxf8 18. Bd2 Kf7 19. Qh5+ g6 20. Qxh7+ Ng7 21.
Bc3 Rg8 22. c5 Bxh2+ 23. Qxh2 b5 24. Rad1 Qc8 25. Qd6 Ne6 26. Be2 Rd8 27. Qe5
1-0

[Event "XXV Memorial Edoardo Crespi A"]
[Site "Milano ITA"]
[Date "2004.12.08"]
[Round "7"]
[White "Ranola, Yves"]
[Black "Dragojlovic, Andjelko"]
[Result "1-0"]
[WhiteElo "2449"]
[BlackElo "2298"]
[PlyCount "93"]
[EventDate "2004.12.04"]

1. c4 Nf6 2. g3 c6 3. Nf3 g6 4. b3 Bg7 5. Bb2 O-O 6. Bg2 d5 7. Qc2 Re8 8. O-O
Nbd7 9. d3 e5 10. cxd5 Nxd5 11. Nbd2 N7b6 12. Nc4 f6 13. e4 Nb4 14. Qc3 c5 15.
a3 Nxc4 16. dxc4 Nc6 17. b4 b6 18. Rfd1 Nd4 19. Nxd4 cxd4 20. Qd3 Be6 21. Rac1
Rc8 22. Bf1 Bf8 23. Rc2 Re7 24. Qd2 Qd7 25. Rdc1 Qb7 26. Bd3 Rec7 27. Qe2 Bh6
28. Rf1 a5 29. Bc1 Bf8 30. Bd2 axb4 31. axb4 Ra8 32. Rfc1 Kg7 33. f4 Qc8 34. h4
Ra3 35. Kh2 Rb3 36. h5 Bg4 37. h6+ Kg8 38. Qf1 Bh3 39. Qxh3 Qxh3+ 40. Kxh3 Rxd3
41. fxe5 fxe5 42. Ra1 Rf7 43. c5 bxc5 44. bxc5 Bxc5 45. Rxc5 Rxd2 46. Rc8+ Rf8
47. Rc7 1-0

[Event "XXV Memorial Edoardo Crespi A"]
[Site "Milano ITA"]
[Date "2004.12.08"]
[Round "7"]
[White "Salvador, Roland"]
[Black "Profumo, Alberto"]
[Result "1-0"]
[WhiteElo "2315"]
[BlackElo "2238"]
[PlyCount "47"]
[EventDate "2004.12.04"]

1. d4 Nf6 2. Nf3 g6 3. Nc3 Bg7 4. e4 d6 5. Be3 c6 6. Qd2 b5 7. Bd3 O-O 8. Bh6
Bg4 9. Bxg7 Kxg7 10. e5 dxe5 11. dxe5 Nd5 12. Be4 Bxf3 13. gxf3 e6 14. h4 Nd7
15. h5 g5 16. Rg1 Kh6 17. O-O-O N7b6 18. Bxd5 cxd5 19. f4 Rg8 20. fxg5+ Rxg5
21. f4 Rf5 22. Qg2 Qf8 23. Nxb5 Nc4 24. Nd4 1-0

[Event "XXV Memorial Edoardo Crespi A"]
[Site "Milano ITA"]
[Date "2004.12.08"]
[Round "7"]
[White "Sgnaolin, Davide"]
[Black "Pepe, Mario"]
[Result "1-0"]
[WhiteElo "2125"]
[BlackElo "2151"]
[PlyCount "37"]
[EventDate "2004.12.04"]

1. e4 Nf6 2. e5 Nd5 3. d4 d6 4. Nf3 Bg4 5. Bc4 e6 6. h3 Bh5 7. Be2 Be7 8. O-O
O-O 9. c4 Nb6 10. b3 Nc6 11. Bb2 dxe5 12. dxe5 Qxd1 13. Rxd1 Rfd8 14. Nc3 a6
15. Kf1 Rd7 16. Rxd7 Nxd7 17. Rd1 Ndxe5 18. Nxe5 Bxe2+ 19. Nxe2 1-0

[Event "I Weekend A"]
[Site "Livorno ITA"]
[Date "2004.12.11"]
[Round "1"]
[White "Laketic, Gojko"]
[Black "Casarosa, Michele"]
[Result "1-0"]
[WhiteElo "2432"]
[BlackElo "2014"]
[PlyCount "39"]
[EventDate "2004.12.11"]

1. d4 Nf6 2. c4 g6 3. Nc3 Bg7 4. e4 d6 5. Nf3 O-O 6. Be2 e5 7. d5 Nh5 8. g3 a5
9. Be3 Na6 10. Nd2 Nf6 11. g4 c6 12. h4 cxd5 13. cxd5 b5 14. Nxb5 Rb8 15. f3
Qd7 16. a4 Nb4 17. Nc4 Bb7 18. Nxa5 Bxd5 19. Bd2 Nxe4 20. Bxb4 1-0

[Event "I Weekend A"]
[Site "Livorno ITA"]
[Date "2004.12.11"]
[Round "1"]
[White "Naumkin, Igor"]
[Black "Bardi, Massimo"]
[Result "1-0"]
[WhiteElo "2479"]
[BlackElo "2076"]
[PlyCount "63"]
[EventDate "2004.12.11"]

1. d4 g6 2. c4 Bg7 3. Nc3 f5 4. e4 d6 5. Nf3 Nc6 6. d5 Ne5 7. Nd4 Nf6 8. f4 Nf7
9. exf5 Bxf5 10. Nxf5 gxf5 11. Bd3 Qd7 12. O-O O-O 13. Qf3 Nh6 14. Bd2 Nfg4 15.
h3 Bd4+ 16. Kh1 Rf6 17. Rae1 Raf8 18. Nb5 Bb6 19. Bc3 Rg6 20. Nd4 Bxd4 21. Bxd4
Nf6 22. Re6 Rf7 23. Rfe1 Kf8 24. Qf2 c5 25. Bc3 a6 26. b4 cxb4 27. Bxb4 Rfg7
28. Qh4 Qa4 29. Bxd6 Nxd5 30. cxd5 Rxe6 31. dxe6 exd6 32. Qxh6 1-0

[Event "I Weekend A"]
[Site "Livorno ITA"]
[Date "2004.12.11"]
[Round "1"]
[White "Tagliagambe, Stefano"]
[Black "Efimov, Igor"]
[Result "0-1"]
[WhiteElo "2067"]
[BlackElo "2459"]
[PlyCount "54"]
[EventDate "2004.12.11"]

1. Nf3 Nf6 2. c4 e6 3. g3 a6 4. Bg2 b5 5. b3 Bb7 6. O-O c5 7. Bb2 Be7 8. Na3
Qb6 9. d4 O-O 10. Qd2 Ne4 11. Qf4 f5 12. Rad1 cxd4 13. Nxd4 Qa5 14. Qc1 Rc8 15.
Ndc2 b4 16. Nb1 d5 17. Bxe4 fxe4 18. Nd4 Qb6 19. Nd2 Bf6 20. Qa1 e5 21. Nf5 d4
22. e3 Qe6 23. g4 d3 24. f3 Nd7 25. fxe4 Re8 26. c5 Nxc5 27. Nc4 Rad8 0-1

[Event "I Weekend A"]
[Site "Livorno ITA"]
[Date "2004.12.12"]
[Round "2"]
[White "Efimov, Igor"]
[Black "Bocchicchio, Gaetano"]
[Result "0-1"]
[WhiteElo "2459"]
[BlackElo "2197"]
[PlyCount "52"]
[EventDate "2004.12.11"]

1. d4 Nf6 2. c4 c6 3. Nf3 d6 4. Nc3 Bg4 5. g3 Nbd7 6. Bg2 e5 7. O-O Be7 8. Nh4
exd4 9. Qxd4 Qa5 10. b3 g5 11. Nf3 h6 12. Bb2 Qf5 13. Qd2 Ne5 14. Nd4 Qd7 15.
Rfe1 O-O-O 16. a4 h5 17. a5 h4 18. a6 b6 19. Ncb5 Kb8 20. f4 gxf4 21. Qxf4 hxg3
22. Qxe5 dxe5 23. Nxc6+ Qxc6 24. Bxc6 Bc5+ 25. e3 gxh2+ 26. Kf2 Rd2+ 0-1

[Event "I Weekend A"]
[Site "Livorno ITA"]
[Date "2004.12.12"]
[Round "2"]
[White "Evangelisti, Claudio R."]
[Black "Naumkin, Igor"]
[Result "1-0"]
[WhiteElo "2240"]
[BlackElo "2479"]
[PlyCount "109"]
[EventDate "2004.12.11"]

1. c4 e5 2. d3 Nf6 3. Nf3 Nc6 4. a3 a5 5. g3 Bc5 6. Bg2 d6 7. Nc3 h6 8. O-O O-O
9. Bd2 Bg4 10. Rc1 Qd7 11. Re1 Rfe8 12. Nd5 Nxd5 13. cxd5 Nd4 14. Be3 Bxf3 15.
Bxf3 f5 16. Bg2 Rf8 17. Bd2 f4 18. e3 fxe3 19. fxe3 Nf5 20. Qg4 Rf7 21. Bh3
Raf8 22. Rxc5 dxc5 23. e4 Qb5 24. exf5 Qxb2 25. Bxh6 c4 26. dxc4 e4 27. Be3
Qxa3 28. Qd1 Rf6 29. Qd2 a4 30. Bd4 Rh6 31. Bg4 Qd3 32. Qxd3 exd3 33. Re3 a3
34. Rxd3 a2 35. Rb3 Re8 36. Bf3 Re1+ 37. Kf2 a1=Q 38. Bxa1 Rxa1 39. Rxb7 Rxh2+
40. Ke3 Ra3+ 41. Ke4 Rh3 42. Kf4 Rh2 43. Ke4 Rh3 44. Rxc7 Rxg3 45. Bh5 Kh7 46.
f6 Kh6 47. f7 Ra8 48. Bf3 g5 49. Re7 Rf8 50. d6 Rg1 51. Kf5 Rf1 52. Kg4 Rg1+
53. Kh3 Kg7 54. Kh2 Rf1 55. Kg2 1-0

[Event "I Weekend A"]
[Site "Livorno ITA"]
[Date "2004.12.12"]
[Round "2"]
[White "Hautala, Roman"]
[Black "Laketic, Gojko"]
[Result "1/2-1/2"]
[WhiteElo "2175"]
[BlackElo "2432"]
[PlyCount "75"]
[EventDate "2004.12.11"]

1. e4 Nf6 2. e5 Nd5 3. d4 d6 4. Nf3 Bg4 5. Be2 e6 6. O-O Be7 7. c4 Nb6 8. Nc3
O-O 9. Be3 N8d7 10. exd6 cxd6 11. b3 d5 12. c5 Bxf3 13. Bxf3 Nc8 14. b4 Bf6 15.
Qd2 Ne7 16. Bg4 a6 17. Rab1 b5 18. a4 bxa4 19. Nxa4 Nc6 20. Nc3 g6 21. Be2 Bg7
22. b5 axb5 23. Bxb5 Ndb8 24. Rfd1 Ra7 25. Ne2 Ne7 26. Bf4 Nbc6 27. Bd6 Qc8 28.
Bxc6 Qxc6 29. Rb6 Qd7 30. Rdb1 Rc8 31. Bxe7 Qxe7 32. Rb8 Qd8 33. Rxc8 Qxc8 34.
g3 h5 35. Qf4 e5 36. dxe5 Qxc5 37. Nd4 Qc4 38. Qe3 1/2-1/2

[Event "I Weekend A"]
[Site "Livorno ITA"]
[Date "2004.12.12"]
[Round "3"]
[White "Ljubisavljevic, Zivojin Z."]
[Black "Bocchicchio, Gaetano"]
[Result "1-0"]
[WhiteElo "2273"]
[BlackElo "2197"]
[PlyCount "95"]
[EventDate "2004.12.11"]

1. d4 Nf6 2. Bg5 Ne4 3. Bf4 c5 4. f3 Nf6 5. dxc5 Qa5+ 6. Qd2 Qxc5 7. e4 d6 8.
Be3 Qc7 9. Nc3 Nc6 10. Nge2 a6 11. Nd4 g6 12. Bg5 Nd7 13. Nd5 Qd8 14. c3 h6 15.
Bh4 g5 16. Bf2 e6 17. Ne3 Be7 18. h4 Rg8 19. hxg5 hxg5 20. Bc4 Nde5 21. Bb3 Na5
22. Qe2 Qc7 23. g3 Ng6 24. Ng4 Nxb3 25. axb3 Bd7 26. O-O-O O-O-O 27. Rh7 Rgf8
28. Nc2 Ne5 29. Nxe5 dxe5 30. Qe3 Bb5 31. Rxd8+ Bxd8 32. Na3 Bc6 33. Qa7 b6 34.
Qxa6+ Bb7 35. Qe2 Be7 36. Nc4 Bc5 37. g4 Ba6 38. Bxc5 Qxc5 39. Nd6+ Qxd6 40.
Qxa6+ Kb8 41. Qe2 Qc5 42. b4 Qg1+ 43. Kc2 Rd8 44. Rxf7 Qa1 45. Kb3 Rc8 46. Qb5
Qd1+ 47. Ka2 Qd6 48. Rd7 1-0

[Event "I Weekend A"]
[Site "Livorno ITA"]
[Date "2004.12.12"]
[Round "3"]
[White "Naumkin, Igor"]
[Black "Hautala, Roman"]
[Result "1-0"]
[WhiteElo "2479"]
[BlackElo "2175"]
[PlyCount "65"]
[EventDate "2004.12.11"]

1. d4 Nf6 2. Nf3 g6 3. c4 Bg7 4. Nc3 d6 5. e4 O-O 6. Be2 e5 7. d5 a5 8. Bg5 h6
9. Bh4 Na6 10. O-O Qe8 11. Nd2 Bd7 12. b3 Nh7 13. a3 h5 14. f3 Bh6 15. Kh1 Be3
16. Rb1 Bc5 17. Qc1 f5 18. exf5 gxf5 19. f4 exf4 20. Rxf4 Be3 21. Rf1 f4 22. b4
axb4 23. axb4 Qg6 24. Qd1 Bg4 25. Nf3 Bf5 26. Rb2 Qg7 27. Be1 Nf6 28. Nd4 Be4
29. Bf3 Bxf3 30. gxf3 Qf7 31. Ne6 Rfc8 32. Rg2+ Kh8 33. Ne4 1-0

[Event "I Weekend A"]
[Site "Livorno ITA"]
[Date "2004.12.18"]
[Round "4"]
[White "Bocchicchio, Gaetano"]
[Black "Naumkin, Igor"]
[Result "0-1"]
[WhiteElo "2197"]
[BlackElo "2479"]
[PlyCount "54"]
[EventDate "2004.12.11"]

1. Nf3 Nf6 2. d4 e6 3. c4 b6 4. g3 Bb7 5. Bg2 Be7 6. O-O O-O 7. Nc3 Ne4 8. Nxe4
Bxe4 9. d5 Bf6 10. Nd4 Bxg2 11. Kxg2 Na6 12. e4 Nc5 13. Re1 Bxd4 14. Qxd4 e5
15. Qc3 d6 16. b4 Nd7 17. Be3 f5 18. exf5 Rxf5 19. f4 Qf6 20. fxe5 Nxe5 21. Bd4
Rf8 22. Re2 Rf3 23. Bxe5 dxe5 24. Qe1 e4 25. Rd1 e3 26. Rxe3 Rf2+ 27. Kg1 Qb2
0-1